000 00530nam a22001937a 4500
003 KOHA_MİRAKIL
005 20251002155603.0
008 251002b tu ||||| |||| 00| 0 tur d
020 _a9786254198168
040 _aTR-AnABB
_btur
_cTR-AnABB
041 _atur
082 _a813.41
_bYES 2023
100 1 _aYesari, Mahmut Esat,
245 1 0 _aKalbimin suçu /
_cMahmut Yesari
260 _aAnkara :
_bDorlion Yayınları,
_c2023
300 _a238 sayfa ;
_c21 cm
650 0 4 _aTürk edebiyatı, roman
942 _2ddc
_cBK
999 _c9047
_d9047
900 _bGizem YORULMAZ